| 000 | 00401nam a2200157Ia 4500 | ||
|---|---|---|---|
| 005 | 20250423100034.0 | ||
| 008 | 250422s9999 xx 000 0 und d | ||
| 020 | _a0-435-27776-6 | ||
| 050 | _aPZ 7 .G73 L678/ | ||
| 100 | _aGranger, Colin | ||
| 245 | 0 | _aLost in London | |
| 260 | _bHeinemann | ||
| 300 | _a32 p | ||
| 650 | _aEnglish language -- Study and teaching Readers -- Level 5 | ||
| 942 | _cBK | ||
| 999 |
_c32098 _d32098 |
||